Datum a čas kvízu
29
Celkem bodů
Celkový počet nahraných bodů na tomto kvízu bez doplňovacích otázek.
5.
Pořadí na kvízu
Konečné umístění týmu na tomto kvízu.
Zaznamenané odpovědi
| # | Otázka | Odpověď | Body | Výsledky |
|---|---|---|---|---|
| 1. | V pondělí odhalil český prezid... | C) ze skla | 0 | |
| 2. | Který bývalý evropský preziden... | Nicolas Sarkozy | 1 | |
| 3. | Do televizní reality show Love... | o Daru Rolins | 0 | |
| 4. | Na jedné technické univerzitě... | Ostrava | 0 | |
| 5. | Jak se jmenuje nový držitel pr... | Ousmane Dembélé | 1 | |
| 6. | Gesto, které vidíme na obrázku... | 1A 2D 3B 4C | 1 | |
| 7. | Gesto na obrázku znamená v mno... | o stoletou válku | 0 | |
| 8. | Sheldon Cooper v Teorii velkéh... | papír a tapír (ještěr) | 1 | |
| 9. | Která dvě písmena české dvouru... | B, N | 0.5 | |
| 10. | Na výřezu z obrazu francouzské... | paroháč (že je mu žena nevěrná) | 0 |